{"text_format":"3","workbook":"xls","n_sheets":3,"sheets":["Sheet1","Sheet2","Sheet3"],"read":"whole","date_system":"1900","formulas":"cached_only"}

{"sheet":"Sheet1","index":0,"n_rows":111,"n_cols":9,"rows_kept":111,"merged":[[0,0,0,8],[1,5,1,6],[110,1,110,2],[110,5,110,6]],"flags":["formulas_cached_only"]}
["斯可布洛处置物品清单"]
["序号","名称","单位","规格型号","数量","原值",null,"净值","备注"]
["1","九门柜","个",null,{"v":1,"d":"1.00"},{"v":300,"d":"300.00"},{"v":300,"d":"300.00"},{"v":0,"d":"0.00"}]
["2","十二门柜","个",null,{"v":1,"d":"1.00"},{"v":320,"d":"320.00"},{"v":320,"d":"320.00"},{"v":0,"d":"0.00"}]
["3","电脑桌","个",null,{"v":1,"d":"1.00"},{"v":260,"d":"260.00"},{"v":260,"d":"260.00"},{"v":0,"d":"0.00"}]
["4","椅子","个",null,{"v":1,"d":"1.00"},{"v":70,"d":"70.00"},{"v":70,"d":"70.00"},{"v":0,"d":"0.00"}]
["5","恒发保险箱","个","(在番茄主义)",{"v":1,"d":"1.00"},{"v":600,"d":"600.00"},{"v":600,"d":"600.00"},{"v":0,"d":"0.00"}]
["6","针式打印机","台",null,{"v":1,"d":"1.00"},{"v":1680,"d":"1680.00"},{"v":1680,"d":"1680.00"},{"v":0,"d":"0.00"}]
["7","复印一体机","台",null,{"v":1,"d":"1.00"},{"v":1980,"d":"1980.00"},{"v":1980,"d":"1980.00"},{"v":0,"d":"0.00"}]
["8","电脑","个",null,{"v":1,"d":"1.00"},{"v":3550,"d":"3550.00"},{"v":3550,"d":"3550.00"},{"v":0,"d":"0.00"}]
["9","交换机","个",null,{"v":1,"d":"1.00"},{"v":320,"d":"320.00"},{"v":320,"d":"320.00"},{"v":0,"d":"0.00"}]
["10","移动空调","台","KYR-36",{"v":1,"d":"1.00"},{"v":4000,"d":"4000.00"},{"v":4000,"d":"4000.00"},{"v":0,"d":"0.00"}]
["11","绞肉机","台",null,{"v":1,"d":"1.00"},{"v":520,"d":"520.00"},{"v":520,"d":"520.00"},{"v":0,"d":"0.00"}]
["12","海尔空调","台",null,{"v":1,"d":"1.00"},{"v":2399,"d":"2399.00"},{"v":2399,"d":"2399.00"},{"v":0,"d":"0.00"}]
["13","电子称","台",null,{"v":1,"d":"1.00"},{"v":126,"d":"126.00"},{"v":126,"d":"126.00"},{"v":0,"d":"0.00"}]
["14","科密语音点钞机","台",null,{"v":1,"d":"1.00"},{"v":369,"d":"369.00"},{"v":369,"d":"369.00"},{"v":0,"d":"0.00"}]
["15","美的牌电磁炉","台",null,{"v":1,"d":"1.00"},{"v":189,"d":"189.00"},{"v":189,"d":"189.00"},{"v":0,"d":"0.00"}]
["16","周转箱","个",null,{"v":1,"d":"1.00"},{"v":420,"d":"420.00"},{"v":420,"d":"420.00"},{"v":0,"d":"0.00"}]
["17","考勤机","台",null,{"v":1,"d":"1.00"},{"v":430,"d":"430.00"},{"v":430,"d":"430.00"},{"v":0,"d":"0.00"}]
["18","路由器","台",null,{"v":1,"d":"1.00"},{"v":120,"d":"120.00"},{"v":120,"d":"120.00"},{"v":0,"d":"0.00"}]
["19","消防器材一批","批",null,{"v":1,"d":"1.00"},{"v":482,"d":"482.00"},{"v":482,"d":"482.00"},{"v":0,"d":"0.00"}]
["20","手动榨汁机","台",null,{"v":1,"d":"1.00"},{"v":85,"d":"85.00"},{"v":85,"d":"85.00"},{"v":0,"d":"0.00"}]
["21","打码机","台",null,{"v":1,"d":"1.00"},{"v":35,"d":"35.00"},{"v":35,"d":"35.00"},{"v":0,"d":"0.00"}]
["22","美的牌微波炉","台",null,{"v":1,"d":"1.00"},{"v":498,"d":"498.00"},{"v":498,"d":"498.00"},{"v":0,"d":"0.00"}]
["23","U盘","个",null,{"v":1,"d":"1.00"},{"v":55,"d":"55.00"},{"v":55,"d":"55.00"},{"v":0,"d":"0.00"}]
["24","四门经济款冷柜","台",null,{"v":1,"d":"1.00"},{"v":2750,"d":"2750.00"},{"v":2750,"d":"2750.00"},{"v":0,"d":"0.00"}]
["25","铝合金绞丝机","个",null,{"v":1,"d":"1.00"},{"v":85,"d":"85.00"},{"v":85,"d":"85.00"},{"v":0,"d":"0.00"}]
["26","电子称（面点房）","个",null,{"v":1,"d":"1.00"},{"v":150,"d":"150.00"},{"v":150,"d":"150.00"},{"v":0,"d":"0.00"}]
["27","消毒柜","台",null,{"v":1,"d":"1.00"},{"v":276,"d":"276.00"},{"v":276,"d":"276.00"},{"v":0,"d":"0.00"}]
["28","兴大不锈钢六头堡仔炉","台",null,{"v":1,"d":"1.00"},{"v":280,"d":"280.00"},{"v":280,"d":"280.00"},{"v":0,"d":"0.00"}]
["29","先锋小太阳","台",null,{"v":1,"d":"1.00"},{"v":159,"d":"159.00"},{"v":159,"d":"159.00"},{"v":0,"d":"0.00"}]
["30","自吸泵","台",null,{"v":1,"d":"1.00"},{"v":780,"d":"780.00"},{"v":780,"d":"780.00"},{"v":0,"d":"0.00"}]
["31","无线路由器","台",null,{"v":1,"d":"1.00"},{"v":80,"d":"80.00"},{"v":80,"d":"80.00"},{"v":0,"d":"0.00"}]
["32","监控系统","套",null,{"v":1,"d":"1.00"},{"v":1200,"d":"1200.00"},{"v":1200,"d":"1200.00"},{"v":0,"d":"0.00"}]
["33","触屏","台","易捷通",{"v":1,"d":"1.00"},{"v":4800,"d":"4800.00"},{"v":4800,"d":"4800.00"},{"v":0,"d":"0.00"}]
["34","厨房打印机","台","80mm热敏",{"v":3,"d":"3.00"},{"v":1130,"d":"1130.00"},{"v":3390,"d":"3390.00"},{"v":0,"d":"0.00"}]
["35","交换机","台","16口100M",{"v":1,"d":"1.00"},{"v":310,"d":"310.00"},{"v":310,"d":"310.00"},{"v":0,"d":"0.00"}]
["36","收银箱","个",null,{"v":1,"d":"1.00"},{"v":310,"d":"310.00"},{"v":310,"d":"310.00"},{"v":0,"d":"0.00"}]
["37","餐饮管理软件","站",null,{"v":1,"d":"1.00"},{"v":2600,"d":"2600.00"},{"v":2600,"d":"2600.00"},{"v":0,"d":"0.00"}]
["38","键鼠套件","套",null,{"v":1,"d":"1.00"},{"v":88,"d":"88.00"},{"v":88,"d":"88.00"},{"v":0,"d":"0.00"}]
["39","网线水晶头","个",null,{"v":10,"d":"10.00"},{"v":2,"d":"2.00"},{"v":20,"d":"20.00"},{"v":0,"d":"0.00"}]
["40","小号餐盘收集车","台",0,{"v":1,"d":"1.00"},{"v":350,"d":"350.00"},{"v":350,"d":"350.00"},{"v":0,"d":"0.00"}]
["41","30公斤电子秤","个",null,{"v":1,"d":"1.00"},{"v":160,"d":"160.00"},{"v":160,"d":"160.00"},{"v":0,"d":"0.00"}]
["42","SJ-B253豆浆机","个",null,{"v":1,"d":"1.00"},{"v":1150,"d":"1150.00"},{"v":1150,"d":"1150.00"},{"v":0,"d":"0.00"}]
["43","5KG电子秤","台",null,{"v":1,"d":"1.00"},{"v":65,"d":"65.00"},{"v":65,"d":"65.00"},{"v":0,"d":"0.00"}]
["44","六盆电热汤池","台",null,{"v":1,"d":"1.00"},{"v":1200,"d":"1200.00"},{"v":1200,"d":"1200.00"},{"v":0,"d":"0.00"}]
["45","高吧椅","张",null,{"v":12,"d":"12.00"},{"v":2600,"d":"2600.00"},{"v":31200,"d":"31200.00"},{"v":0,"d":"0.00"}]
["46","方高吧桌","张",null,{"v":4,"d":"4.00"},{"v":2850,"d":"2850.00"},{"v":11400,"d":"11400.00"},{"v":0,"d":"0.00"}]
["47","木质卡座","米",null,{"v":9,"d":"9.00"},{"v":3550,"d":"3550.00"},{"v":31950,"d":"31950.00"},{"v":0,"d":"0.00"}]
["48","方餐桌","张",null,{"v":10,"d":"10.00"},{"v":1850,"d":"1850.00"},{"v":18500,"d":"18500.00"},{"v":0,"d":"0.00"}]
["49","餐椅","张",null,{"v":10,"d":"10.00"},{"v":2050,"d":"2050.00"},{"v":20500,"d":"20500.00"},{"v":0,"d":"0.00"}]
["50","四层储藏架","台","1000*50",{"v":1,"d":"1.00"},{"v":585,"d":"585.00"},{"v":585,"d":"585.00"},{"v":0,"d":"0.00"}]
["51","工作台","台","730*600",{"v":1,"d":"1.00"},{"v":315,"d":"315.00"},{"v":315,"d":"315.00"},{"v":0,"d":"0.00"}]
["52","双层工作台","台","600*800",{"v":1,"d":"1.00"},{"v":495,"d":"495.00"},{"v":495,"d":"495.00"},{"v":0,"d":"0.00"}]
["53","豪华排油烟罩","平方","3500*1000",{"v":4,"d":"4.00"},{"v":676,"d":"676.00"},{"v":2366,"d":"2366.00"},{"v":0,"d":"0.00"}]
["54","豪华排油烟罩","平方","1500*1200",{"v":2,"d":"2.00"},{"v":675,"d":"675.00"},{"v":1215,"d":"1215.00"},{"v":0,"d":"0.00"}]
["55","环保风柜","台","4KW",{"v":1,"d":"1.00"},{"v":2880,"d":"2880.00"},{"v":2880,"d":"2880.00"},{"v":0,"d":"0.00"}]
["56","油烟净化器","台",null,{"v":1,"d":"1.00"},{"v":2880,"d":"2880.00"},{"v":2880,"d":"2880.00"},{"v":0,"d":"0.00"}]
["57","不锈钢管道","m","600*400",{"v":4,"d":"4.00"},{"v":198,"d":"198.00"},{"v":792,"d":"792.00"},{"v":0,"d":"0.00"}]
["58","风柜减震架","套",null,{"v":1,"d":"1.00"},{"v":450,"d":"450.00"},{"v":450,"d":"450.00"},{"v":0,"d":"0.00"}]
["59","电机保护器","套",null,{"v":1,"d":"1.00"},{"v":900,"d":"900.00"},{"v":900,"d":"900.00"},{"v":0,"d":"0.00"}]
["60","储藏柜","台",null,{"v":1,"d":"1.00"},{"v":1575,"d":"1575.00"},{"v":1575,"d":"1575.00"},{"v":0,"d":"0.00"}]
["61","饮料打包机连台","台",null,{"v":1,"d":"1.00"},{"v":2250,"d":"2250.00"},{"v":2250,"d":"2250.00"},{"v":0,"d":"0.00"}]
["62",{"$nulls":3},{"v":0,"d":"0.00"},{"v":0,"d":"0.00"},{"v":0,"d":"0.00"},{"v":0,"d":"0.00"}]
["63","控制箱","个",null,{"v":1,"d":"1.00"},{"v":900,"d":"900.00"},{"v":900,"d":"900.00"},{"v":0,"d":"0.00"}]
["64","净水设备","套",null,{"v":1,"d":"1.00"},{"v":1485,"d":"1485.00"},{"v":1485,"d":"1485.00"},{"v":0,"d":"0.00"}]
["65","B1endtec沙冰机","台",null,{"v":1,"d":"1.00"},{"v":675,"d":"675.00"},{"v":675,"d":"675.00"},{"v":0,"d":"0.00"}]
["66","冷藏工作台","台","1800*800",{"v":1,"d":"1.00"},{"v":1980,"d":"1980.00"},{"v":1980,"d":"1980.00"},{"v":0,"d":"0.00"}]
["67","制冰机","台",46,{"v":1,"d":"1.00"},{"v":4050,"d":"4050.00"},{"v":4050,"d":"4050.00"},{"v":0,"d":"0.00"}]
["68","奶茶自动封口机","台","全自动",{"v":1,"d":"1.00"},{"v":1485,"d":"1485.00"},{"v":1485,"d":"1485.00"},{"v":0,"d":"0.00"}]
["69","冰淇淋柜","台","1800*850",{"v":1,"d":"1.00"},{"v":23400,"d":"23400.00"},{"v":23400,"d":"23400.00"},{"v":0,"d":"0.00"}]
["70","蛋糕冷藏柜","台","1500*720",{"v":1,"d":"1.00"},{"v":14400,"d":"14400.00"},{"v":14400,"d":"14400.00"},{"v":0,"d":"0.00"}]
["71","不锈钢地沟","米",null,{"v":20,"d":"20.00"},{"v":108,"d":"108.00"},{"v":2160,"d":"2160.00"},{"v":0,"d":"0.00"}]
["72","煤气包","套",null,{"v":1,"d":"1.00"},{"v":2700,"d":"2700.00"},{"v":2700,"d":"2700.00"},{"v":0,"d":"0.00"}]
["73","落地式四眼煲仔炉","台","600*800",{"v":2,"d":"2.00"},{"v":990,"d":"990.00"},{"v":1980,"d":"1980.00"},{"v":0,"d":"0.00"}]
["74","电炸炉","台","700*750",{"v":1,"d":"1.00"},{"v":4500,"d":"4500.00"},{"v":4500,"d":"4500.00"},{"v":0,"d":"0.00"}]
["75","六眼煮面炉连座","台","700*800",{"v":1,"d":"1.00"},{"v":1980,"d":"1980.00"},{"v":1980,"d":"1980.00"},{"v":0,"d":"0.00"}]
["76","双门保鲜台","台","1500*800",{"v":2,"d":"2.00"},{"v":1980,"d":"1980.00"},{"v":3960,"d":"3960.00"},{"v":0,"d":"0.00"}]
["77","电烤箱","台","二层四盘",{"v":1,"d":"1.00"},{"v":2565,"d":"2565.00"},{"v":2565,"d":"2565.00"},{"v":0,"d":"0.00"}]
["78","四门冷冻冰箱","台","1225*760",{"v":2,"d":"2.00"},{"v":2970,"d":"2970.00"},{"v":5940,"d":"5940.00"},{"v":0,"d":"0.00"}]
["79","单眼水槽","台","600*600",{"v":4,"d":"4.00"},{"v":315,"d":"315.00"},{"v":1260,"d":"1260.00"},{"v":0,"d":"0.00"}]
["80","拉门打菏台","台","1500*800",{"v":1,"d":"1.00"},{"v":1080,"d":"1080.00"},{"v":1080,"d":"1080.00"},{"v":0,"d":"0.00"}]
["81","双层工作柜","台","80*600*800",{"v":1,"d":"1.00"},{"v":495,"d":"495.00"},{"v":495,"d":"495.00"},{"v":0,"d":"0.00"}]
["82","面包架","台","780*650*1600",{"v":1,"d":"1.00"},{"v":675,"d":"675.00"},{"v":675,"d":"675.00"},{"v":0,"d":"0.00"}]
["83","万能打蛋机","台","400*750*800",{"v":1,"d":"1.00"},{"v":3510,"d":"3510.00"},{"v":3510,"d":"3510.00"},{"v":0,"d":"0.00"}]
["84","鲜奶机","台",null,{"v":1,"d":"1.00"},{"v":1305,"d":"1305.00"},{"v":1305,"d":"1305.00"},{"v":0,"d":"0.00"}]
["85","四层储藏架","台","1200*60*1800",{"v":2,"d":"2.00"},{"v":675,"d":"675.00"},{"v":1350,"d":"1350.00"},{"v":0,"d":"0.00"}]
["86","功放机（MUSUN)","台",null,{"v":1,"d":"1.00"},{"v":1400,"d":"1400.00"},{"v":1400,"d":"1400.00"},{"v":0,"d":"0.00"}]
["87","吸顶音箱","个",null,{"v":5,"d":"5.00"},{"v":86,"d":"86.00"},{"v":430,"d":"430.00"},{"v":0,"d":"0.00"}]
["88","自吸泵","台",null,{"v":1,"d":"1.00"},{"v":750,"d":"750.00"},{"v":750,"d":"750.00"},{"v":0,"d":"0.00"}]
["89","万家乐热水器","台",null,{"v":1,"d":"1.00"},{"v":799,"d":"799.00"},{"v":799,"d":"799.00"},{"v":0,"d":"0.00"}]
["90","路桩","个",null,{"v":12,"d":"12.00"},{"v":120,"d":"120.00"},{"v":1440,"d":"1440.00"},{"v":0,"d":"0.00"}]
["91","马桶","套",0,{"v":1,"d":"1.00"},{"v":500,"d":"500.00"},{"v":500,"d":"500.00"},{"v":0,"d":"0.00"}]
["92","柱盆","套",0,{"v":1,"d":"1.00"},{"v":260,"d":"260.00"},{"v":260,"d":"260.00"},{"v":0,"d":"0.00"}]
["93","志高空调","个",0,{"v":1,"d":"1.00"},{"v":8800,"d":"8800.00"},{"v":8800,"d":"8800.00"},{"v":0,"d":"0.00"}]
["94","军用上下床","个",0,{"v":10,"d":"10.00"},{"v":230,"d":"230.00"},{"v":2300,"d":"2300.00"},{"v":0,"d":"0.00"}]
["95","1.2米实木床","个",0,{"v":2,"d":"2.00"},{"v":350,"d":"350.00"},{"v":700,"d":"700.00"},{"v":0,"d":"0.00"}]
["96","80*折叠桌","个",0,{"v":2,"d":"2.00"},{"v":50,"d":"50.00"},{"v":100,"d":"100.00"},{"v":0,"d":"0.00"}]
["97","海尔洗衣机","台",0,{"v":2,"d":"2.00"},{"v":1049,"d":"1049.00"},{"v":2098,"d":"2098.00"},{"v":0,"d":"0.00"}]
["98","惠而浦热水器","台",0,{"v":2,"d":"2.00"},{"v":899,"d":"899.00"},{"v":1798,"d":"1798.00"},{"v":0,"d":"0.00"}]
["99","20寸3级净水机","台",null,{"v":1,"d":"1.00"},{"v":600,"d":"600.00"},{"v":600,"d":"600.00"},{"v":0,"d":"0.00"}]
["100","400G纯水机","台",null,{"v":1,"d":"1.00"},{"v":6200,"d":"6200.00"},{"v":6200,"d":"6200.00"},{"v":0,"d":"0.00"}]
["101","20G储水桶","个",null,{"v":2,"d":"2.00"},{"v":1000,"d":"1000.00"},{"v":2000,"d":"2000.00"},{"v":0,"d":"0.00"}]
["102","净水滤芯",null,null,{"v":1,"d":"1.00"},{"v":2000,"d":"2000.00"},{"v":2000,"d":"2000.00"},{"v":0,"d":"0.00"}]
["103","天井机","套","3P",{"v":4,"d":"4.00"},{"v":8300,"d":"8300.00"},{"v":33200,"d":"33200.00"},{"v":0,"d":"0.00"}]
["104","挂机","套","2P",{"v":1,"d":"1.00"},{"v":4700,"d":"4700.00"},{"v":4700,"d":"4700.00"},{"v":0,"d":"0.00"}]
["105","材料#10","米",null,{"v":6,"d":"6.00"},{"v":80,"d":"80.00"},{"v":480,"d":"480.00"},{"v":0,"d":"0.00"}]
["106","材料#16","米",null,{"v":24,"d":"24.00"},{"v":100,"d":"100.00"},{"v":2400,"d":"2400.00"},{"v":0,"d":"0.00"}]
["107","支架","套",null,{"v":3,"d":"3.00"},{"v":50,"d":"50.00"},{"v":150,"d":"150.00"},{"v":0,"d":"0.00"}]
["108","冰柜",null,null,{"v":1,"d":"1.00"},{"v":2650,"d":"2650.00"},{"v":2650,"d":"2650.00"},{"v":0,"d":"0.00"}]
["109","合计",null,null,{"v":253,"d":"253.00"},{"v":329214,"d":"329,214.00"},null,{"v":0,"d":"0.00"}]

{"sheet":"Sheet2","index":1,"n_rows":0,"n_cols":0,"rows_kept":0,"flags":["formulas_cached_only"]}

{"sheet":"Sheet3","index":2,"n_rows":0,"n_cols":0,"rows_kept":0,"flags":["formulas_cached_only"]}